Southville International School and Colleges
Your cart is empty.
  • Cart
  • Lists
    Public lists Eva Luna New books Lux_list list_1
    Your lists Log in to create your own lists
  • Log in to your account
  • Your cookies
  • Search history
Southville International School and Colleges
  • Advanced search
  • Recent comments
  • Most popular
  • Libraries

Log in to your account

Log in with GOOGLE


If you do not have an external account, but do have a local account, you can still log in:

  1. Home
  2. MARC view: Rifles for Winie /
Normal view MARC view ISBD view

Rifles for Winie / (Record no. 287940)

[ view plain ]
MARC details
000 -LEADER
fixed length control field 00474nam a2200157Ia 4500
008 - FIXED-LENGTH DATA ELEMENTS--GENERAL INFORMATION
fixed length control field 150610s9999 xx 000 0 und d
020 ## - INTERNATIONAL STANDARD BOOK NUMBER
International Standard Book Number 9780064470308
050 ## - LIBRARY OF CONGRESS CALL NUMBER
Classification number PZ7
Item number .K269Ri 1957  
100 ## - MAIN ENTRY--PERSONAL NAME
Personal name Keith, Harold
245 ## - TITLE STATEMENT
Title Rifles for Winie /
Statement of responsibility, etc Harold Keith.
260 ## - PUBLICATION, DISTRIBUTION, ETC. (IMPRINT)
Place of publication, distribution, etc New York :
Name of publisher, distributor, etc Harper Collins,
Date of publication, distribution, etc 1957.
300 ## - PHYSICAL DESCRIPTION
Extent 322pages ;
Dimensions 18 cm.
520 ## - SUMMARY, ETC.
Summary, etc Fiction.
650 ## - SUBJECT ADDED ENTRY--TOPICAL TERM
Topical term or geographic name as entry element United States-History-Civil war-1861-1865
General subdivision Fiction.
650 ## - SUBJECT ADDED ENTRY--TOPICAL TERM
General subdivision Historical Fiction.
Holdings
Withdrawn status Lost status Damaged status Home library Current library Shelving location Date acquired Total Checkouts Full call number Barcode Date last seen Price effective from Koha item type
      Stonyhurst Southville International School (Batangas) Stonyhurst Southville International School (Batangas) High School Section 06/10/2015   PZ7  .K269Ri 1957   US-1430 06/10/2015 06/10/2015 Books

Rifles for Winie /

APA

Keith H., . (1957). Rifles for Winie. New York: Harper Collins.

Chicago

Keith Harold, . 1957. Rifles for Winie. New York: Harper Collins.

Harvard

Keith H., . (1957). Rifles for Winie. New York: Harper Collins.

MLA

Keith Harold, . Rifles for Winie. New York: Harper Collins. 1957.

  • Place hold
  • Print
  • Cite
  • Add to your cart (remove)
  • Save record
    BIBTEX Dublin Core MARCXML MARC (non-Unicode/MARC-8) MARC (Unicode/UTF-8) MARC (Unicode/UTF-8, Standard) MODS (XML) RIS
  • More searches
    Search for this title in:
    Other Libraries (WorldCat) Other Databases (Google Scholar) Online Stores (Bookfinder.com) Open Library (openlibrary.org)

Exporting to Dublin Core...

SOUTHVILLE LIBRARY

Southville International School and Colleges Library

1281 Tropical Ave. Cor. Luxembourg St., BF Homes International, Las Pinas City

Tel. No. 8256374 / 252358 Loc. 117/146

Powered by Koha